000 00555nam a22002177a 4500
999 _c6868
_d6868
001 6868
003 BD-JhCC
005 20180207090017.0
008 180131b xxu||||| |||| 00| 0 eng d
035 _a(BD-JhCC)6868
040 _aBD-JhCC
_dBD-JhCC
041 _aeng
082 _a621.381
_bELE 1967
245 _aElectronic Volume - Five /
_cHarry Mileaf
260 _aIndia :
_bD. B. Taraporevala Sons & Co.Pvt.Ltd,
_c1967.
300 _a158 p. :
_c22 cm.
650 _aElectronics
700 _aMileaf, Harry
942 _2ddc
_cBK